00559nam a22001697a 450000500170000000800410001702000150005805000210007310000290009424500850012326000310020830000220023949000290026150000290029065000490031970000210036820170126081800.0170126b fr||||| |||| 00| 0 fre d a202034567604aPQ3818bC66 19971 aConnelly, Michael eaut.13aLe poète :broman /cMichael Connelly ; traduit de l'américain par Jean Esch aParis : bdu Seuil, c1997 a541 p. ; c18 cm. 0aPoints; Policier ,vP534 aTitre original :The Poet 72LembaLiteratura francesavLibros de lectura1 aEsch, Jean etr.